عرض عادي
عرض مارك
- Feynman diagrams.
مدخل مصطلح موضوعي
001 - رقم الضبط
- حقل الضبط: 8928
003 - معرف رقم الضبط
- حقل الضبط: OSt
005 - تاريخ ووقت أخر عملية
- حقل الضبط: 20111222130054.0
008 - عناصر بيانات ثابتة الطول
- حقل تحكم ثابت الطول: 111222|||a|||||| | ||| d
040 ## - مصدر الفهرسة
- هيئة الفهرسة الأصلية: OSt
- وكالة الكتابة: OSt
150 ## - مدخل-- مصطلح تاريخي
- عنصر مدخل المصطلح الموضوعي او الاسم الجغرافي: Feynman diagrams.
670 ## - بيانات المصدر موجوده
- الاستشهاد بالمصدر: Work cat.: (OSt)3596: Aitchison, Ian Johnston Rhind, 1936- 8922, Gauge theories in particle physics :, c2003-c2004.
